Loading...
| Literature - American Literature | 0 | 3 | 0 | 3 | 30 | 122 | 126.67 | 0 | 0 |
| History - World History | 2 | 0 | 0 | 0 | 30 | 73 | 73.00 | 0 | 2 |
| Science - Biology | 0 | 3 | 0 | 2 | 30 | 106 | 108.00 | 0 | 0 |
| Fine Arts - Other Fine Arts | 0 | 2 | 0 | 1 | 20 | 120 | 129.00 | 0 | 0 |
| Fine Arts - Visual Fine Arts | 0 | 2 | 0 | 0 | 20 | 99 | 99.00 | 0 | 0 |
| Science - Other Science | 0 | 2 | 0 | 2 | 20 | 128 | 130.00 | 0 | 1 |
| Social Science | 0 | 2 | 0 | 1 | 20 | 116 | 126.00 | 0 | 1 |
| Science - Physics | 0 | 1 | 0 | 1 | 10 | 124 | 124.00 | 0 | 1 |
| Other Academic | 0 | 1 | 0 | 1 | 10 | 132 | 132.00 | 0 | 0 |
| Philosophy | 0 | 1 | 0 | 0 | 10 | 126 | 126.00 | 0 | 0 |
| History - Other History | 0 | 1 | 0 | 1 | 10 | 122 | 122.00 | 0 | 0 |
| Geography | 0 | 1 | 0 | 1 | 10 | 136 | 136.00 | 0 | 0 |
| Science - Chemistry | 0 | 1 | 0 | 0 | 10 | 116 | 116.00 | 0 | 0 |
| History - European History | 0 | 0 | 0 | 0 | 0 | 0.00 | 0 | 0 | |
| Literature - European Literature | 0 | 0 | 0 | 0 | 0 | 0.00 | 0 | 0 | |
| Religion | 0 | 0 | 1 | 0 | -5 | 0.00 | 0 | 0 |